Sexualidad y espiritualidad: un estudio sobre la relación femenino-masculina
Saved in:
| Hovedforfatter: | |
|---|---|
| Format: | Bog |
| Sprog: | spansk |
| Udgivet: |
Santiago
Cuatro Viento
1986
|
| Fag: | |
| Tags: |
Tilføj Tag
Ingen Tags, Vær først til at tagge denne postø!
|
MARC
| LEADER | 00000nam a2200000 a 4500 | ||
|---|---|---|---|
| 001 | UCW6597 | ||
| 003 | CL-VaPUC | ||
| 008 | 920409e19860000CL |||||||||||||||||spa|d | ||
| 082 | 0 | 4 | |a 155.33 |b MOO |2 21 |
| 100 | |a Moore, John |e autor |9 311601 | ||
| 245 | 1 | 0 | |a Sexualidad y espiritualidad: un estudio sobre la relación femenino-masculina |
| 300 | |a 233 p | ||
| 942 | |c BK | ||
| 945 | |d 19920409 00:00:00 |a rbrito | ||
| 260 | |a Santiago |b Cuatro Viento |c 1986 | ||
| 650 | 0 | |a Psicología evolutiva |9 271069 | |
| 650 | 0 | |a Personalidad |9 307255 | |
| 650 | 7 | |a FEMINIDAD PSICOLOGIA |2 CL-VaPUC |9 311602 | |
| 583 | |a last modification |c 19920409 00:00:00 |k Rodrigo Vera | ||
| 999 | |c 219588 |d 219586 | ||
| 952 | |0 0 |1 0 |4 0 |6 155_330000000000000_MOO_1986 |7 0 |8 A |9 210690 |a BIBEDU |b BIBEDU |d 2019-11-15 |i 2788985 |o 155.33 MOO 1986 |p 2788985 |r 2019-11-15 |w 2019-11-15 |y BK |k EDU | ||